| 000 | 00709nam a2200193 4500 | ||
|---|---|---|---|
| 001 | 144407 | ||
| 003 | ES-MaACL | ||
| 007 | t| | ||
| 008 | 070214s1982 sp r ||||1| spa d | ||
| 100 | 1 |
_aSirera Turó, José Luis. _9106674 |
|
| 245 | 1 | 3 |
_aEl teatro en el siglo XVII _b: el ciclo de Lope de Vega / _cJosé Luis Sirera Turó ; con la colaboración de José Luis Canet Vallés. |
| 260 |
_aMadrid : _bPlayor, _c1982. |
||
| 300 |
_a150 p. ; _c21 cm. |
||
| 490 | 1 |
_aLectura crítica de la Literatura española ; _v9 |
|
| 700 | 1 |
_aCanet Vallés, José Luis. _934491 |
|
| 830 | 0 |
_aLectura crítica de la Literatura española ; _v9 _9181039 |
|
| 852 |
_aES-MaACL _jL-8243 _bR.108861 |
||
| 999 |
_c144407 _d144407 |
||